|
|
|
|
| LEADER |
00000cam a2200000 a 4500 |
| 001 |
vtls010060761 |
| 003 |
SK-MaSNL |
| 005 |
20260301083510.0 |
| 008 |
180730s2009 xr n 010 0dcze |
| 015 |
|
|
|a SNBZSA2011-00664
|
| 020 |
|
|
|a 9788073574178
|q (viaz.)
|
| 035 |
|
|
|a 88ADBE8B-B28F-45E2-BF5E-7178F11A9103
|
| 035 |
|
|
|a urn:nbn:sk:snk-amk9un
|
| 035 |
|
|
|a urn:nbn:sk:snk-am00899n
|
| 040 |
|
|
|a SNK
|b slo
|c SNK
|e AACR2
|
| 041 |
0 |
|
|a cze
|a slo
|
| 043 |
|
|
|a e-xr---
|
| 044 |
|
|
|a xr
|c CZ
|
| 072 |
|
7 |
|a 34
|x Právo
|2 konspekt
|
| 080 |
|
|
|a 34-051
|x (437.3)
|x (082)
|2 2001
|
| 080 |
|
|
|a 34:32
|2 2001
|
| 080 |
|
|
|a 342
|2 2001
|
| 245 |
0 |
0 |
|a Pocta Zdeňku Jičínskému k 80. narozeninám
|c editoři Vladimír Mikule a Radovan Suchánek
|
| 250 |
|
|
|a 1. vyd.
|
| 260 |
|
|
|a Praha
|b Aspi
|c 2009
|
| 300 |
|
|
|a vi, 336 s.
|c 21 cm
|
| 500 |
|
|
|a Obsahuje aj: Slovo o postojoch podpredsedu ČNR Zdeňka Jičínskeho k federalizácii štátu roku 1968 / Jozef Žatkuliak
|
| 504 |
|
|
|a Bibliogr. Bibliogr. odkazy
|
| 546 |
|
|
|a Text čiast. slov.
|
| 600 |
1 |
7 |
|a Jičínský, Zdeněk,
|d 1929-2020
|2 SNKMA
|9 201666
|
| 648 |
|
7 |
|a 1929-2009
|2 SNK
|9 410486
|
| 650 |
0 |
7 |
|a právnici
|2 SNKPH
|9 2687
|
| 650 |
0 |
7 |
|a ústavné právo
|2 SNKPH
|9 2256
|
| 650 |
0 |
7 |
|a právo a politika
|2 SNKPH
|9 4423
|
| 651 |
|
7 |
|a Česko
|2 SNKPHgeo
|9 16753
|
| 655 |
|
7 |
|a zborníky
|2 SNKPH
|9 70165
|
| 655 |
|
7 |
|a jubilejné publikácie
|2 SNKPH
|9 70339
|
| 700 |
1 |
|
|a Mikule, Vladimír,
|d 1937-
|4 edt
|9 410487
|
| 700 |
1 |
|
|a Suchánek, Radovan,
|d 1972-
|4 edt
|9 410488
|
| 700 |
1 |
|
|a Žatkuliak, Jozef,
|d 1954-2017
|t Slovo o postojoch podpredsedu ČNR Zdeňka Jičínského k federalizácii štátu roku 1968
|9 144314
|
| 919 |
|
|
|a 978-80-7357-417-8
|
| 958 |
|
|
|a ZS
|
| 958 |
|
|
|a CZ
|
| 958 |
|
|
|a BC
|
| 958 |
|
|
|a OND
|
| 999 |
|
|
|c 660685
|d 662615
|
| 952 |
|
|
|a SNK
|b SNK
|y PREZ
|7 0
|p 17A0666895
|o snkSC 141550
|i snk2010/16728
|8 4
|g 11.51
|0 0
|1 0
|4 0
|d 2010-02-03
|l 0
|r 2025-07-09 00:00:00
|w 2026-02-23
|
| 952 |
|
|
|a SNK
|b SNK
|y VYP
|7 0
|p 17A0666894
|o snkSC 141550 D1
|i snk2010/16729
|8 4
|g 11.51
|0 0
|1 0
|4 0
|d 2010-02-03
|f 1
|l 0
|r 2026-02-23 18:52:28
|w 2026-02-23
|